000 00645nam a2200253 a 4500
001 nice12345678
003 IN_TiNIC
005 20260116013606.0
008 050524s1989 atla grp 000 0 eng
020 _a080420X
_c514.5
082 0 0 _a232.8
_bWIL
100 _aWill, James E
245 _aChristology of Peace
260 _aAtlanta
_bJohn Knox Press
_c1989
300 _a154p
500 _aincludes index and biblioraphy
505 2 _aNotes
650 _aJesus Christ-Person and Offices
650 _aPeace-Religious Aspect-Christianity
700 1 _aWill, James E
902 _bSRS
942 _cBK
999 _c11580
_d11580